[Event "British Columbia-Washington m-A"]
[Site "Victoria CAN"]
[Date "2018.01.13"]
[Round "3"]
[White "Cortes Orihuela, Javier"]
[Black "Moroney, Timothy"]
[Result "1/2-1/2"]
[WhiteElo "2267"]
[BlackElo "2044"]
[PlyCount "131"]
[EventDate "2018.01.12"]
[EventType "schev"]
[EventRounds "5"]
[EventCountry "CAN"]

1. d4 Nf6 2. c4 e6 3. g3 d5 4. Nf3 Bb4+ 5. Bd2 Be7 6. Bg2 O-O 7. O-O c6 8. Qc2
Nbd7 9. Bf4 b6 10. Rd1 Bb7 11. Ne5 Rc8 12. Nc3 Nh5 13. Bc1 Nhf6 14. e4 dxe4 15.
Nxe4 Nxe4 16. Bxe4 Nf6 17. Bf3 Qc7 18. Bf4 Bd6 19. b4 Nd7 20. Nxd7 Qxd7 21.
Bxd6 Qxd6 22. c5 Qe7 23. a4 Rfd8 24. a5 bxc5 25. a6 Bxa6 26. Rxa6 cxd4 27. Qc5
Qf6 28. Kg2 d3 29. Ra3 d2 30. Qc2 Qd4 31. Qc5 Rb8 32. Qxd4 Rxd4 33. Rxa7 g6 34.
Ra2 Rbxb4 35. Bxc6 Rd6 36. Bf3 Rbd4 37. Kf1 h5 38. h4 Kg7 39. Ke2 Rd7 40. Raxd2
Rxd2+ 41. Rxd2 Ra7 42. Rb2 Kf6 43. Rb7 Ra6 44. Rc7 Ra3 45. Be4 Ra2+ 46. Kf1 Rb2
47. Rb7 Rd2 48. Bc6 Rd8 49. Kg2 Rc8 50. Bd7 Ra8 51. f3 Rd8 52. g4 hxg4 53. fxg4
Ke7 54. Bc6+ Kf6 55. g5+ Kg7 56. Kf3 Rd1 57. Kf4 Rf1+ 58. Ke5 Rf5+ 59. Kd6 Kf8
60. Rb8+ Kg7 61. Ke7 f6 62. Rb5 fxg5 63. hxg5 e5 64. Ke6 Rxg5 65. Rxe5 Rxe5+
66. Kxe5 1/2-1/2

[Event "British Columbia-Washington m-A"]
[Site "Victoria CAN"]
[Date "2018.01.13"]
[Round "3"]
[White "Doknjas, John"]
[Black "Collyer, Curt"]
[Result "1-0"]
[WhiteElo "2266"]
[BlackElo "2309"]
[PlyCount "131"]
[EventDate "2018.01.12"]
[EventType "schev"]
[EventRounds "5"]
[EventCountry "CAN"]

1. d4 d5 2. c4 c6 3. Nf3 Nf6 4. Nc3 a6 5. c5 Bf5 6. Bf4 Nbd7 7. h3 e6 8. g4 Bg6
9. Bg2 b6 10. b4 Ne4 11. Nxe4 Bxe4 12. O-O Be7 13. Qb3 f6 14. Rfc1 O-O 15. a4
bxc5 16. bxc5 Qc8 17. Bd6 Re8 18. Nd2 Bg6 19. e4 Ra7 20. Rab1 Bd8 21. Qb4 Bc7
22. Rb3 Qd8 23. Bxc7 Qxc7 24. Qc3 Qf4 25. Qe3 Qc7 26. Qc3 Qf4 27. Re1 h5 28.
exd5 exd5 29. Rxe8+ Bxe8 30. Qe3 Qxe3 31. Rxe3 Kf8 32. Nb3 hxg4 33. hxg4 Rb7
34. Na5 Rb1+ 35. Kh2 Nb8 36. Rb3 Rxb3 37. Nxb3 Bg6 38. a5 Bc2 39. Nc1 g5 40.
Bf1 Bb1 41. Kg3 Ke7 42. f4 Ke6 43. Kf3 Ke7 44. Ke3 Ke6 45. Ne2 Ke7 46. Nc3 Bg6
47. Na2 Be8 48. Nb4 Bd7 49. Bxa6 Nxa6 50. Nxa6 Bc8 51. Nb4 Kd7 52. fxg5 fxg5
53. a6 Kc7 54. Kf3 Bd7 55. Nd3 Kb8 56. Ne5 Be8 57. Kg3 Ka7 58. Nf3 Kxa6 59.
Nxg5 Kb5 60. Kf4 Kc4 61. Ke5 Kd3 62. Ne6 Ke3 63. g5 Bg6 64. Nf4 Bc2 65. g6 Kf3
66. g7 1-0

[Event "British Columbia-Washington m-A"]
[Site "Victoria CAN"]
[Date "2018.01.13"]
[Round "3"]
[White "Doknjas, Joshua"]
[Black "Chen, Howard"]
[Result "0-1"]
[WhiteElo "2273"]
[BlackElo "2416"]
[PlyCount "108"]
[EventDate "2018.01.12"]
[EventType "schev"]
[EventRounds "5"]
[EventCountry "CAN"]

1. e4 g6 2. d4 Bg7 3. Nc3 d6 4. Be3 a6 5. h4 Nf6 6. f3 b5 7. Qd2 h5 8. O-O-O c6
9. Kb1 Qc7 10. Bf4 b4 11. Na4 O-O 12. Bc4 Nbd7 13. Ne2 c5 14. d5 a5 15. Rdg1
Ba6 16. Bxa6 Rxa6 17. Bh6 Ne5 18. Bxg7 Kxg7 19. Qf4 Qc8 20. g4 Rh8 21. gxh5
Nxh5 22. Qe3 Kf8 23. f4 Ng4 24. Qf3 Nhf6 25. Ng3 Qd7 26. b3 c4 27. Qe2 Qc8 28.
Rd1 Nh5 29. Nxh5 Rxh5 30. Rd4 c3 31. Rc4 Qd7 32. e5 Nh6 33. e6 fxe6 34. dxe6
Qb7 35. Rg1 Nf5 36. Qg4 Rh6 37. Qg5 Qd5 38. h5 Qxe6 39. Qg2 Rxh5 40. Qb7 Qe3
41. Rc8+ Kg7 42. Qg2 Rh6 43. Rd1 Ra7 44. Qd5 e6 45. Qc6 Qd2 46. Rxd2 cxd2 47.
Nb2 d5 48. Rc7+ Kf6 49. a4 bxa3 50. Rxa7 Rh1+ 51. Nd1 Rxd1+ 52. Ka2 Ra1+ 53.
Kxa1 d1=Q+ 54. Ka2 Qd4 0-1

[Event "British Columbia-Washington m-A"]
[Site "Victoria CAN"]
[Date "2018.01.13"]
[Round "3"]
[White "Koons, Nat"]
[Black "Wu, Howard"]
[Result "1-0"]
[WhiteElo "2290"]
[BlackElo "2213"]
[PlyCount "97"]
[EventDate "2018.01.12"]
[EventType "schev"]
[EventRounds "5"]
[EventCountry "CAN"]

1. e4 c5 2. Nf3 d6 3. d4 cxd4 4. Nxd4 Nf6 5. Nc3 Nc6 6. Bg5 e6 7. Qd2 a6 8.
O-O-O Bd7 9. f3 Rc8 10. Kb1 h6 11. Be3 h5 12. f4 Qa5 13. f5 Qe5 14. fxe6 fxe6
15. Nf3 Qa5 16. Bc4 b5 17. Bb3 b4 18. Ne2 Nxe4 19. Qd3 Qf5 20. Nfd4 Nc5 21.
Nxf5 Nxd3 22. Nxd6+ Bxd6 23. Rxd3 Be7 24. Rhd1 Ne5 25. Rxd7 Nxd7 26. Ba4 Rc7
27. Bf4 Ra7 28. Nd4 Bf6 29. Nxe6 Ke7 30. Be3 Rb7 31. Bc6 Rhb8 32. Nf4 Ne5 33.
Bc5+ Kf7 34. Bd5+ Ke8 35. Bxb7 Rxb7 36. Nxh5 Rb5 37. Nxf6+ gxf6 38. Bd4 Rd5 39.
Kc1 Nd7 40. c3 a5 41. Kc2 Kf7 42. Rd2 Nf8 43. Rf2 Nd7 44. Kb3 Ke6 45. g4 Rb5
46. Rf5 Rb8 47. Rxa5 bxc3+ 48. Kxc3 Rh8 49. Rh5 1-0

[Event "British Columbia-Washington m-A"]
[Site "Victoria CAN"]
[Date "2018.01.13"]
[Round "3"]
[White "Sinanan, Josh"]
[Black "Kenney, Jason"]
[Result "1/2-1/2"]
[WhiteElo "2278"]
[BlackElo "2246"]
[PlyCount "85"]
[EventDate "2018.01.12"]
[EventType "schev"]
[EventRounds "5"]
[EventCountry "CAN"]

1. Nf3 Nf6 2. c4 g6 3. Nc3 Bg7 4. d4 O-O 5. g3 d6 6. Bg2 Nc6 7. O-O a6 8. Bf4
Rb8 9. Rc1 Bf5 10. d5 Na7 11. Nd4 Bd7 12. b4 e5 13. dxe6 fxe6 14. Nb3 Nh5 15.
Be3 Nc6 16. b5 Ne5 17. c5 d5 18. c6 bxc6 19. bxa6 Nc4 20. Bc5 Ra8 21. e4 Nd6
22. a7 Bxc3 23. Rxc3 Nb5 24. Rc1 Rf7 25. a4 Nxa7 26. Nd4 Nc8 27. Ba3 Nb6 28.
Nxc6 Bxc6 29. Rxc6 Rxa4 30. Rxb6 Rxa3 31. Rxe6 d4 32. Qc1 Rc3 33. Qh6 Qf8 34.
Qg5 Rc2 35. f4 Qb4 36. Re8+ Kg7 37. Qe5+ Nf6 38. Rd1 Rd2 39. Rxd2 Qxd2 40. Rd8
Qe3+ 41. Kf1 Qc1+ 42. Kf2 Qe3+ 43. Kf1 1/2-1/2

[Event "British Columbia-Washington m-A"]
[Site "Victoria CAN"]
[Date "2018.01.14"]
[Round "4"]
[White "Chen, Howard"]
[Black "Doknjas, John"]
[Result "0-1"]
[WhiteElo "2416"]
[BlackElo "2266"]
[PlyCount "80"]
[EventDate "2018.01.12"]
[EventType "schev"]
[EventRounds "5"]
[EventCountry "CAN"]

1. g3 c5 2. Bg2 Nc6 3. d3 g6 4. Nc3 Bg7 5. e4 e6 6. f4 Nge7 7. Nf3 O-O 8. O-O
Rb8 9. h4 b5 10. a3 a5 11. h5 d5 12. hxg6 hxg6 13. Ng5 Bd4+ 14. Kh2 Kg7 15. Ne2
Rh8+ 16. Nh3 e5 17. Nxd4 exd4 18. f5 f6 19. Bf4 Rb6 20. g4 dxe4 21. dxe4 g5 22.
Bg3 Ng8 23. Kg1 Qe7 24. Qd2 Ne5 25. Rae1 Nh6 26. Nxg5 Nhxg4 27. Nf3 Ne3 28.
Rxe3 Nc4 29. Re2 Nxd2 30. Nxd2 Bb7 31. e5 Bxg2 32. Rxg2 Kf8 33. Ne4 fxe5 34. f6
Qh7 35. Rh2 Qxe4 36. Rxh8+ Kf7 37. Bh4 b4 38. a4 b3 39. cxb3 Rxb3 40. Rf2 Rh3
0-1

[Event "British Columbia-Washington m-A"]
[Site "Victoria CAN"]
[Date "2018.01.14"]
[Round "4"]
[White "Kenney, Jason"]
[Black "Collyer, Curt"]
[Result "1-0"]
[WhiteElo "2246"]
[BlackElo "2309"]
[PlyCount "81"]
[EventDate "2018.01.12"]
[EventType "schev"]
[EventRounds "5"]
[EventCountry "CAN"]

1. e4 e6 2. d4 d5 3. Nd2 Nf6 4. e5 Nfd7 5. Bd3 c5 6. c3 Nc6 7. Ne2 cxd4 8. cxd4
f6 9. exf6 Qxf6 10. Nf3 h6 11. O-O Bd6 12. Be3 O-O 13. Rc1 Rd8 14. Nc3 Nf8 15.
Re1 Bd7 16. g3 Be8 17. Nh4 Bc7 18. Qf3 Qxf3 19. Nxf3 a6 20. Red1 Rac8 21. Be2
Nd7 22. Na4 Bb8 23. Rc3 Ne7 24. Rxc8 Rxc8 25. Nc3 Ba7 26. Nh4 Nb6 27. Bg4 Bf7
28. Ng2 Rc6 29. Nf4 Nc4 30. Bc1 g5 31. Nfe2 Ng6 32. b3 Nd6 33. Ba3 Kg7 34. Na4
Nb5 35. Bc5 b6 36. Bb4 Nd6 37. Bxd6 Rxd6 38. Rc1 Rd7 39. Rc6 Ne7 40. Bxe6 Rb7
41. Rd6 1-0

[Event "British Columbia-Washington m-A"]
[Site "Victoria CAN"]
[Date "2018.01.14"]
[Round "4"]
[White "Koons, Nat"]
[Black "Cortes Orihuela, Javier"]
[Result "1-0"]
[WhiteElo "2290"]
[BlackElo "2267"]
[PlyCount "65"]
[EventDate "2018.01.12"]
[EventType "schev"]
[EventRounds "5"]
[EventCountry "CAN"]

1. d4 Nf6 2. c4 g6 3. Nc3 d5 4. Nf3 Bg7 5. Bf4 O-O 6. e3 c5 7. dxc5 Qa5 8. Rc1
dxc4 9. Bxc4 Qxc5 10. Bb3 Nc6 11. O-O Qh5 12. h3 e5 13. Bh2 Rd8 14. Nd2 Qh4 15.
Qe2 Bf5 16. Nf3 Qb4 17. Nxe5 Nxe5 18. Bxe5 Bd3 19. Qf3 Bxf1 20. Bxf6 Bc4 21.
Bxd8 Rxd8 22. Bxc4 Qxc4 23. Qxb7 Rd2 24. Qxa7 Rxb2 25. Qa8+ Bf8 26. Qd5 Qc7 27.
g3 h5 28. h4 Bg7 29. Ne2 Qe7 30. Nf4 Kh7 31. a4 Qa7 32. Nxh5 Qxa4 33. Qxf7 1-0

[Event "British Columbia-Washington m-A"]
[Site "Victoria CAN"]
[Date "2018.01.14"]
[Round "4"]
[White "Moroney, Timothy"]
[Black "Doknjas, Joshua"]
[Result "0-1"]
[WhiteElo "2044"]
[BlackElo "2273"]
[PlyCount "72"]
[EventDate "2018.01.12"]
[EventType "schev"]
[EventRounds "5"]
[EventCountry "CAN"]

1. e4 c5 2. Nf3 d6 3. Bb5+ Nd7 4. d4 cxd4 5. Qxd4 a6 6. Bxd7+ Bxd7 7. c4 e5 8.
Qd3 Rc8 9. Nc3 Qc7 10. b3 b5 11. Nd5 Qc6 12. Nd2 Ne7 13. O-O Nxd5 14. exd5 Qb6
15. Bb2 Be7 16. Kh1 O-O 17. f4 exf4 18. Rxf4 Bg5 19. Bd4 Qa5 20. Qg3 f6 21. Ne4
Bxf4 22. Qxf4 bxc4 23. Nxd6 Qxd5 24. bxc4 Rxc4 25. Nxc4 Qxc4 26. Qd6 Be6 27.
Re1 Bf7 28. a3 h6 29. h3 Rc8 30. Re3 Bd5 31. Qf4 Rd8 32. Kh2 Bxg2 33. Kxg2 Qxd4
34. Re8+ Kf7 35. Re4 Qd2+ 36. Qxd2 Rxd2+ 0-1

[Event "British Columbia-Washington m-A"]
[Site "Victoria CAN"]
[Date "2018.01.14"]
[Round "4"]
[White "Wu, Howard"]
[Black "Sinanan, Josh"]
[Result "1-0"]
[WhiteElo "2213"]
[BlackElo "2278"]
[PlyCount "115"]
[EventDate "2018.01.12"]
[EventType "schev"]
[EventRounds "5"]
[EventCountry "CAN"]

1. Nf3 Nf6 2. g3 b5 3. Bg2 Bb7 4. d4 e6 5. O-O c5 6. c3 Qb6 7. Be3 Nd5 8. dxc5
Nxe3 9. cxb6 Nxd1 10. Rxd1 axb6 11. Nd4 Bxg2 12. Kxg2 b4 13. Nb5 Na6 14. cxb4
Bxb4 15. a3 Be7 16. Nd6+ Kf8 17. Nc3 Bf6 18. Nc4 Bxc3 19. bxc3 Ke7 20. Nxb6 Ra7
21. a4 Nc5 22. a5 Kd8 23. Nc4 Ke7 24. Rab1 Rc8 25. Rb4 d5 26. Nb6 Rc6 27. c4
dxc4 28. Nxc4 Na6 29. Ra4 Nc5 30. Ne5 Rd6 31. Rad4 Rxd4 32. Rxd4 Rc7 33. Rc4
Kd6 34. f4 f6 35. Nd3 Na6 36. Rd4+ Kc6 37. Nb4+ Nxb4 38. Rxb4 Kd5 39. Rb2 Ra7
40. Ra2 Ra6 41. Kf3 f5 42. Ra4 e5 43. fxe5 Kxe5 44. h4 g6 45. g4 h6 46. gxf5
Kxf5 47. e4+ Ke5 48. Kg4 Ke6 49. Kf4 Kf6 50. e5+ Ke6 51. Ke4 g5 52. h5 g4 53.
Ra3 g3 54. Rxg3 Rxa5 55. Rg6+ Kf7 56. Rxh6 Ra1 57. Rf6+ Ke7 58. Kf5 1-0

[Event "British Columbia-Washington m-A"]
[Site "Victoria CAN"]
[Date "2018.01.14"]
[Round "5"]
[White "Collyer, Curt"]
[Black "Wu, Howard"]
[Result "1-0"]
[WhiteElo "2309"]
[BlackElo "2213"]
[PlyCount "79"]
[EventDate "2018.01.12"]
[EventType "schev"]
[EventRounds "5"]
[EventCountry "CAN"]
[WhiteTeam "WA A"]
[BlackTeam "BC A"]

1. d4 Nf6 2. c4 g6 3. Nc3 Bg7 4. e4 d6 5. f4 O-O 6. Nf3 c5 7. dxc5 Qa5 8. Bd3
Qxc5 9. Qe2 Nc6 10. Be3 Qa5 11. O-O Bg4 12. Rac1 Nd7 13. Qf2 Bxf3 14. gxf3 Nc5
15. Bb1 Rac8 16. Rfd1 Qb4 17. Qe2 Na4 18. Nxa4 Qxa4 19. Rd3 Na5 20. b3 Qa3 21.
Rcd1 Nc6 22. Rd5 a6 23. Kh1 Bb2 24. h4 Bf6 25. Bc1 Qb4 26. h5 Qc3 27. Be3 Nb4
28. R5d2 Nc6 29. c5 Qa5 30. Rg1 Bc3 31. Rd5 Nb4 32. Rdg5 Bf6 33. R5g4 Nc6 34.
hxg6 hxg6 35. Qg2 Qc3 36. e5 Bg7 37. Bd2 Qd4 38. Bxg6 fxg6 39. Rxg6 Rf5 40.
Rxg7+ 1-0

[Event "British Columbia-Washington m-A"]
[Site "Victoria CAN"]
[Date "2018.01.14"]
[Round "5"]
[White "Doknjas, John"]
[Black "Moroney, Timothy"]
[Result "1-0"]
[WhiteElo "2266"]
[BlackElo "2044"]
[PlyCount "87"]
[EventDate "2018.01.12"]
[EventType "schev"]
[EventRounds "5"]
[EventCountry "CAN"]
[WhiteTeam "BC A"]
[BlackTeam "WA A"]

1. d4 Nf6 2. c4 e6 3. Nc3 Bb4 4. e3 O-O 5. Bd3 d5 6. Nf3 c5 7. O-O Nc6 8. a3
Bxc3 9. bxc3 dxc4 10. Bxc4 Qc7 11. Bb2 e5 12. h3 Rd8 13. Qe2 Qe7 14. Rfd1 Bf5
15. a4 Be6 16. Ba3 Ne4 17. Rac1 Bxc4 18. Qxc4 exd4 19. cxd4 b6 20. dxc5 bxc5
21. Rxd8+ Rxd8 22. Bxc5 Nxc5 23. Qxc5 Rd1+ 24. Kh2 Rxc1 25. Qxc1 Qd6+ 26. g3 g6
27. Qc4 h5 28. Kg2 Qf6 29. Qc5 a5 30. h4 Kg7 31. Nd4 Ne5 32. Qxa5 Nd3 33. Qd2
Qa6 34. Qc3 Kh7 35. Nf3 Qd6 36. Qd4 Qa6 37. a5 Kg8 38. Qb6 Qa8 39. a6 Ne1+ 40.
Kf1 Nxf3 41. Qb7 Qd8 42. Qxf3 Qd3+ 43. Qe2 Qe4 44. Qb5 1-0

[Event "British Columbia-Washington m-A"]
[Site "Victoria CAN"]
[Date "2018.01.14"]
[Round "5"]
[White "Doknjas, Joshua"]
[Black "Koons, Nat"]
[Result "0-1"]
[WhiteElo "2273"]
[BlackElo "2290"]
[PlyCount "46"]
[EventDate "2018.01.12"]
[EventType "schev"]
[EventRounds "5"]
[EventCountry "CAN"]

1. e4 c5 2. Nf3 Nc6 3. Bb5 d6 4. O-O Bd7 5. Re1 a6 6. Bxc6 Bxc6 7. d4 cxd4 8.
Qxd4 e5 9. Qd3 Be7 10. Nc3 h6 11. a4 Nf6 12. Nd2 O-O 13. a5 Rc8 14. Nc4 Nxe4
15. Nxe4 d5 16. Qg3 Bh4 17. Qxe5 Re8 18. Qf4 dxc4 19. g3 Rxe4 20. Rxe4 Qd1+ 21.
Kg2 Bg5 22. Qf5 Re8 23. Bxg5 Qxa1 0-1

[Event "British Columbia-Washington m-A"]
[Site "Victoria CAN"]
[Date "2018.01.14"]
[Round "5"]
[White "Kenney, Jason"]
[Black "Chen, Howard"]
[Result "1/2-1/2"]
[WhiteElo "2246"]
[BlackElo "2416"]
[PlyCount "74"]
[EventDate "2018.01.12"]
[EventType "schev"]
[EventRounds "5"]
[EventCountry "CAN"]
[WhiteTeam "BC A"]
[BlackTeam "WA A"]

1. d4 g6 2. e4 Bg7 3. Nf3 d6 4. Nc3 a6 5. Be3 b5 6. Qd2 Bb7 7. Bd3 Nd7 8. a4 b4
9. Ne2 c5 10. Ng3 Qc7 11. c3 bxc3 12. bxc3 h5 13. h3 Ngf6 14. Ng5 c4 15. Bc2 e5
16. O-O O-O 17. Nf3 Rfe8 18. Bh6 Bh8 19. d5 Nc5 20. Rab1 a5 21. Nh4 Ba6 22. f4
exf4 23. Rxf4 Nb3 24. Qd1 Qc5+ 25. Kh1 Qe3 26. Ngf5 Qxc3 27. Nxd6 Nd4 28. Nxe8
Rxe8 29. Rb6 Nxc2 30. Rxa6 Nxe4 31. Qf3 Qe1+ 32. Kh2 Be5 33. Nxg6 Nd4 34. Qxh5
Qg3+ 35. Kg1 Qe3+ 36. Kh2 Qg3+ 37. Kg1 Qe3+ 1/2-1/2

[Event "British Columbia-Washington m-A"]
[Site "Victoria CAN"]
[Date "2018.01.14"]
[Round "5"]
[White "Sinanan, Josh"]
[Black "Cortes Orihuela, Javier"]
[Result "1/2-1/2"]
[WhiteElo "2278"]
[BlackElo "2267"]
[PlyCount "85"]
[EventDate "2018.01.12"]
[EventType "schev"]
[EventRounds "5"]
[EventCountry "CAN"]
[WhiteTeam "WA A"]
[BlackTeam "BC A"]

1. Nf3 Nf6 2. c4 g6 3. Nc3 d5 4. cxd5 Nxd5 5. Qa4+ Nc6 6. Nd4 Ndb4 7. Nxc6 Nxc6
8. g3 Bg7 9. Bg2 Bd7 10. O-O O-O 11. d3 e5 12. Qc2 Nd4 13. Qd2 Bc6 14. b3 Bxg2
15. Kxg2 Qd7 16. Bb2 Rfe8 17. Rac1 f5 18. f3 h5 19. e3 Ne6 20. Ne2 c5 21. e4
Rad8 22. Rcd1 Rf8 23. exf5 gxf5 24. f4 e4 25. Bxg7 Nxg7 26. Nc1 Qc6 27. Kg1 Rd4
28. Qe2 Rfd8 29. dxe4 Rxd1 30. Rxd1 Rxd1+ 31. Qxd1 Qxe4 32. Qd8+ Kh7 33. Nd3 b5
34. Ne5 Qb1+ 35. Kg2 Qxa2+ 36. Kh3 Qxb3 37. Qf8 Qg8 38. Qxc5 a6 39. Nf3 Ne6 40.
Qe7+ Kh6 41. Qf6+ Qg6 42. Qh8+ Qh7 43. Qf6+ 1/2-1/2

[Event "British Columbia-Washington m-B"]
[Site "Victoria CAN"]
[Date "2018.01.12"]
[Round "1"]
[White "Su, Michael"]
[Black "Setiadikurnia, Sloan Christopher"]
[Result "0-1"]
[WhiteElo "2032"]
[BlackElo "1981"]
[PlyCount "52"]
[EventDate "2018.01.12"]
[EventType "schev"]
[EventRounds "5"]
[EventCountry "CAN"]
[WhiteTeam "BC B"]
[BlackTeam "WA B"]

1. d4 Nf6 2. c4 e6 3. Nc3 Bb4 4. e3 O-O 5. Nge2 d5 6. a3 Be7 7. cxd5 exd5 8.
Nf4 c6 9. Bd3 Re8 10. O-O Nbd7 11. f3 Nb6 12. Bc2 c5 13. Re1 Bd6 14. dxc5 Bxc5
15. b4 Bd6 16. Nfe2 Qe7 17. Qd3 Qe5 18. h3 Nc4 19. e4 Qh2+ 20. Kf2 Bxh3 21. Rg1
Bc7 22. Nxd5 Nxd5 23. Qxc4 Bb6+ 24. Nd4 Rac8 25. Qxd5 Rxc2+ 26. Kf1 Bxg2+ 0-1

[Event "British Columbia-Washington m-B"]
[Site "Victoria CAN"]
[Date "2018.01.13"]
[Round "2"]
[White "Setiadikurnia, Sloan Christopher"]
[Black "Doknjas, Neil"]
[Result "1-0"]
[WhiteElo "1981"]
[BlackElo "1914"]
[PlyCount "111"]
[EventDate "2018.01.12"]
[EventType "schev"]
[EventRounds "5"]
[EventCountry "CAN"]

1. e4 c5 2. Nf3 d6 3. d4 cxd4 4. Nxd4 Nf6 5. Nc3 a6 6. Be3 e5 7. Nb3 Be6 8. h3
h5 9. f4 g6 10. fxe5 dxe5 11. Qxd8+ Kxd8 12. O-O-O+ Nbd7 13. Nc5 Bxc5 14. Bxc5
Kc7 15. Be3 Kc6 16. g3 b5 17. Bg2 Nc5 18. Nd5 Bxd5 19. exd5+ Kd6 20. Bxc5+ Kxc5
21. Rhf1 Nd7 22. Rxf7 Kd6 23. Be4 Rhg8 24. Rdf1 Raf8 25. Kd2 g5 26. Ke3 g4 27.
hxg4 hxg4 28. Rxf8 Rxf8 29. Rxf8 Nxf8 30. Bf5 Kxd5 31. Bxg4 Nh7 32. Bf3+ Ke6
33. b4 Ng5 34. Bc6 Nf7 35. a4 Nd6 36. axb5 axb5 37. g4 Kf6 38. Bd7 Ke7 39. Bf5
Kf6 40. Bd3 Kg5 41. Bxb5 Nxb5 42. c4 Na7 43. Ke4 Kf6 44. b5 Ke6 45. g5 Nc8 46.
c5 Ne7 47. b6 Kd7 48. Kxe5 Kc6 49. Ke6 Ng6 50. Kf6 Nf8 51. g6 Nd7+ 52. Ke7 Ne5
53. g7 Ng6+ 54. Kf6 Nf4 55. g8=Q Nd5+ 56. Qxd5+ 1-0

[Event "British Columbia-Washington m-B"]
[Site "Victoria CAN"]
[Date "2018.01.13"]
[Round "3"]
[White "James, Rowan"]
[Black "Setiadikurnia, Sloan Christopher"]
[Result "0-1"]
[WhiteElo "1889"]
[BlackElo "1981"]
[PlyCount "50"]
[EventDate "2018.01.12"]
[EventType "schev"]
[EventRounds "5"]
[EventCountry "CAN"]

1. e4 e5 2. Nf3 Nc6 3. Nc3 Nf6 4. a3 d5 5. Bb5 Nxe4 6. Qe2 Nxc3 7. Qxe5+ Be7 8.
Bxc6+ bxc6 9. dxc3 O-O 10. O-O Bd6 11. Qe2 Bg4 12. Qd3 h6 13. Nd4 Re8 14. Be3
Qd7 15. Qd2 c5 16. Nb3 c4 17. Na5 c6 18. h3 Bxh3 19. gxh3 Qxh3 20. Bf4 Bxf4 21.
Qxf4 Re4 22. Qh2 Rg4+ 23. Qg3 Rxg3+ 24. fxg3 Qxg3+ 25. Kh1 Re8 0-1

[Event "British Columbia-Washington m-B"]
[Site "Victoria CAN"]
[Date "2018.01.14"]
[Round "4"]
[White "Campbell, Jamie"]
[Black "Mayer, Jacob"]
[Result "0-1"]
[WhiteElo "1886"]
[BlackElo "1775"]
[PlyCount "52"]
[EventDate "2018.01.12"]
[EventType "schev"]
[EventRounds "5"]
[EventCountry "CAN"]
[WhiteTeam "BC B"]
[BlackTeam "WA B"]

1. Nc3 d5 2. e4 dxe4 3. Nxe4 e5 4. Bc4 Nc6 5. d3 Be7 6. Nf3 Nf6 7. Nfg5 O-O 8.
Nxf7 Rxf7 9. Ng5 Nd5 10. Nxf7 Kxf7 11. Qf3+ Ke6 12. Qh3+ Kf7 13. Qxh7 Be6 14.
Qh5+ Kg8 15. Bd2 Bf7 16. Qh3 Nd4 17. O-O-O b5 18. Bb3 a5 19. c3 Nxb3+ 20. axb3
a4 21. bxa4 Rxa4 22. Kc2 Qa8 23. Be3 Ra2 24. Qg4 Nxe3+ 25. fxe3 Rxb2+ 26. Kxb2
Qa2+ 0-1

[Event "British Columbia-Washington m-B"]
[Site "Victoria CAN"]
[Date "2018.01.14"]
[Round "4"]
[White "Williamson, Jason"]
[Black "Setiadikurnia, Sloan Christopher"]
[Result "1/2-1/2"]
[WhiteElo "1959"]
[BlackElo "1981"]
[PlyCount "70"]
[EventDate "2018.01.12"]
[EventType "schev"]
[EventRounds "5"]
[EventCountry "CAN"]
[WhiteTeam "BC B"]
[BlackTeam "WA B"]

1. e4 e5 2. Nf3 Nc6 3. Bb5 a6 4. Ba4 Nf6 5. O-O Be7 6. d3 b5 7. Bb3 O-O 8. c3
d6 9. h3 Na5 10. Bc2 c5 11. Nbd2 Nc6 12. Re1 Re8 13. Nf1 h6 14. Ng3 Bf8 15. d4
cxd4 16. cxd4 Qc7 17. Be3 Nb4 18. Bb3 a5 19. a3 Na6 20. Rc1 Qb8 21. Nh4 a4 22.
dxe5 dxe5 23. Ba2 b4 24. Qxa4 bxa3 25. Bd5 Bd7 26. Qc4 Nxd5 27. exd5 axb2 28.
Rb1 Ba3 29. Nhf5 Qb4 30. Qe2 Bxf5 31. Nxf5 Qe4 32. Nxg7 Rec8 33. Nh5 Qg6 34.
Qf3 Nc7 35. d6 Bxd6 1/2-1/2

[Event "British Columbia-Washington m-B"]
[Site "Victoria CAN"]
[Date "2018.01.14"]
[Round "5"]
[White "James, Rowan"]
[Black "Shubin, Daniel"]
[Result "0-1"]
[WhiteElo "1889"]
[BlackElo "1954"]
[PlyCount "52"]
[EventDate "2018.01.12"]
[EventType "schev"]
[EventRounds "5"]
[EventCountry "CAN"]
[WhiteTeam "BC B"]
[BlackTeam "WA B"]

1. e4 e6 2. d4 d5 3. Nd2 Nf6 4. e5 Nfd7 5. Bd3 c5 6. c3 Nc6 7. Ne2 Qb6 8. Nf3
cxd4 9. cxd4 f6 10. exf6 Nxf6 11. O-O Bd6 12. a3 O-O 13. Re1 Bd7 14. Ng3 Kh8
15. Bc2 Rae8 16. Bg5 e5 17. dxe5 Nxe5 18. Nxe5 Bxe5 19. Qd3 Bb5 20. Qd1 Bxg3
21. hxg3 Rxe1+ 22. Qxe1 Ng4 23. Bf4 Rxf4 24. gxf4 Qh6 25. Bd3 Qh2+ 26. Kf1
Bxd3+ 0-1

[Event "British Columbia-Washington m-B"]
[Site "Victoria CAN"]
[Date "2018.01.14"]
[Round "5"]
[White "Mayer, Jacob"]
[Black "Su, Michael"]
[Result "1/2-1/2"]
[WhiteElo "1775"]
[BlackElo "2032"]
[PlyCount "41"]
[EventDate "2018.01.12"]
[EventType "schev"]
[EventRounds "5"]
[EventCountry "CAN"]
[WhiteTeam "WA B"]
[BlackTeam "BC B"]

1. e4 c5 2. Nf3 e6 3. d3 Nc6 4. g3 d5 5. Nbd2 Qc7 6. Bg2 Bd6 7. O-O Nge7 8. c3
O-O 9. Ne1 b5 10. f4 f6 11. Nc2 Ba6 12. Re1 d4 13. e5 fxe5 14. fxe5 Bxe5 15.
Nf3 Rad8 16. Nxe5 Nxe5 17. Bf4 N7g6 18. Bxe5 Nxe5 19. Qe2 Nf7 20. Qxe6 Rd6 21.
Qe7 1/2-1/2

[Event "British Columbia-Washington m-B"]
[Site "Victoria CAN"]
[Date "2018.01.14"]
[Round "5"]
[White "Setiadikurnia, Sloan Christopher"]
[Black "Campbell, Jamie"]
[Result "1-0"]
[WhiteElo "1981"]
[BlackElo "1886"]
[PlyCount "81"]
[EventDate "2018.01.12"]
[EventType "schev"]
[EventRounds "5"]
[EventCountry "CAN"]
[WhiteTeam "WA B"]
[BlackTeam "BC B"]

1. e4 d6 2. d4 Nf6 3. Nc3 g6 4. Be3 c6 5. f3 Bg7 6. Qd2 O-O 7. h4 Nh5 8. Nge2
f5 9. exf5 gxf5 10. Bh6 Rf7 11. O-O-O Qf8 12. Bxg7 Nxg7 13. d5 Nd7 14. Nf4 Nf6
15. h5 Nxd5 16. Ncxd5 cxd5 17. Nxd5 Bd7 18. h6 Ne8 19. Bc4 e6 20. Nf4 Rf6 21.
Nd3 b5 22. Bb3 a5 23. a3 b4 24. a4 d5 25. Rde1 Rc8 26. Ne5 Rc7 27. g4 fxg4 28.
fxg4 Rf2 29. Re2 Rxe2 30. Qxe2 Qf4+ 31. Kb1 Bc8 32. Nd3 Qg5 33. Rh5 Qg6 34. Nf4
Qf7 35. Nxd5 Rc6 36. Ne3 Qf4 37. Nf5 Kf7 38. Ng7 Nf6 39. Rf5 Qxh6 40. Nh5 Ba6
41. Qg2 1-0

[Event "British Columbia-Washington m-B"]
[Site "Victoria CAN"]
[Date "2018.01.14"]
[Round "5"]
[White "Williamson, Jason"]
[Black "Petrov, Oscar"]
[Result "0-1"]
[WhiteElo "1959"]
[BlackElo "1910"]
[PlyCount "72"]
[EventDate "2018.01.12"]
[EventType "schev"]
[EventRounds "5"]
[EventCountry "CAN"]
[WhiteTeam "BC B"]
[BlackTeam "WA B"]

1. e4 c5 2. Nf3 Nc6 3. d4 cxd4 4. Nxd4 g6 5. Be2 Bg7 6. Be3 Nf6 7. Nc3 d5 8.
exd5 Nxd5 9. Nxd5 Qxd5 10. Nb5 Qxd1+ 11. Rxd1 O-O 12. c3 Be6 13. Nc7 Rad8 14.
Nxe6 Rxd1+ 15. Bxd1 fxe6 16. Bb3 Kf7 17. O-O Rd8 18. Re1 Kf6 19. Rd1 Rxd1+ 20.
Bxd1 b6 21. Ba4 Na5 22. Bb5 Nb7 23. c4 Nd6 24. Ba6 Nf5 25. Bd2 h6 26. b4 Ke5
27. c5 bxc5 28. bxc5 Kd5 29. Bb4 Bd4 30. Kf1 Bxc5 31. Bxc5 Kxc5 32. Bc8 Nd4 33.
Ke1 a5 34. a4 Kc4 35. f4 e5 36. fxe5 Kd5 0-1